000 00394pab a2200145 454500
008 180718b1988 xxu||||| |||| 00| 0 eng d
100 _aHussain, M.A.
245 _aUrban development and the urban authorities
_bThe case study of Meerut city
260 _c1988
300 _a9-15
362 _aDec.
650 _aCity Planning - India - Uttar Pradesh
773 _aCivic Affairs
909 _a5520
999 _c5520
_d5520